[Event "Erfurt MT op 27th"]
[Site "Erfurt"]
[Date "2017.12.27"]
[Round "3"]
[White "Partzsch, Lukas"]
[Black "Shen, Julian"]
[Result "1-0"]
[WhiteElo "2183"]
[BlackElo "1939"]
[PlyCount "67"]
[EventDate "2017.12.26"]
[EventType "swiss"]
[EventRounds "8"]
[EventCountry "GER"]
[SourceTitle "CBM 182 Extra"]
[Source "ChessBase"]
[SourceDate "2018.02.23"]
[SourceVersion "1"]
[SourceVersionDate "2018.02.23"]
[SourceQuality "1"]

1. d4 Nf6 2. Nf3 g6 3. g3 Bg7 4. Bg2 0-0 5. c4 d6 6. 0-0 Nc6 7. d5 Na5 8. Nfd2 c5 9. Nc3 a6 10. Rb1 Rb8 11. b3 Bd7 12. Qc2 b5 13. Bb2 e5 14. a3 bxc4 15. bxc4 Qc7 16. Ba1 Rxb1 17. Rxb1 Rb8 18. e3 Bf5 19. Nce4 Rxb1+ 20. Qxb1 Nxe4 21. Bxe4 Bxe4 22. Qxe4 f5 23. Qc2 e4 24. Bc3 Bxc3 25. Qxc3 Nb7 26. g4 Qe7 27. gxf5 gxf5 28. Kf1 Qg7 29. Qb3 Qc7 30. Qa4 Na5 31. Qe8+ Kg7 32. Qe6 Qb6 33. Qxf5 Qb2 34. Qd7+ 1-0

[Event "Mittelfranken-chTB1 1718"]
[Site "Mittelfranken"]
[Date "2017.10.08"]
[Round "1.6"]
[White "Hein, Manfred"]
[Black "Shen, Julian"]
[Result "0-1"]
[WhiteElo "1724"]
[BlackElo "1893"]
[PlyCount "110"]
[EventDate "2017.10.08"]
[EventType "team-tourn"]
[EventRounds "9"]
[EventCountry "GER"]
[SourceTitle "EXT 2022"]
[Source "ChessBase"]
[SourceDate "2021.10.06"]
[SourceVersion "1"]
[SourceVersionDate "2021.10.06"]
[SourceQuality "1"]
[WhiteTeam "Gunzenhausen"]
[BlackTeam "Rothenburg"]
[WhiteTeamCountry "GER"]
[BlackTeamCountry "GER"]

1. e4 e6 2. d4 d5 3. exd5 exd5 4. Bd3 Nc6 5. c3 Bd6 6. Be3 Nge7 7. Qc2 Bg4 8. f3 Bh5 9. Nd2 Qd7 10. 0-0-0 Bg6 11. Bxg6 hxg6 12. h3 0-0-0 13. Ne2 Nf5 14. Bf2 Rde8 15. Rhe1 Ne3 16. Bxe3 Rxe3 17. Nf1 Re6 18. Ng1 Bf4+ 19. Kb1 Rhe8 20. Rxe6 Qxe6 21. g3 Bd6 22. Qd3 Ne7 23. g4 g5 24. Kc2 Ng6 25. b4 Nf4 26. Qd2 Rh8 27. Re1 Qg6+ 28. Kb3 Nxh3 29. Nxh3 Rxh3 30. Qe2 Rh8 31. Qb5 c6 32. Qe2 Kd7 33. Qc2 Qxc2+ 34. Kxc2 Bf4 35. a4 Rh3 36. Ne3 Rxf3 37. Nf5 g6 38. Nh6 Rf2+ 39. Kb3 Bd2 40. Rd1 Ke8 41. Ng8 f5 42. Nh6 f4 43. b5 cxb5 44. axb5 Rh2 45. c4 dxc4+ 46. Kxc4 Be3 47. Ra1 Rxh6 48. Rxa7 Rh7 49. Ra5 Re7 50. d5 f3 51. d6 Re5 52. Kd3 f2 53. Ra1 Bc5 54. Kd2 Bb4+ 55. Kd3 Re1 0-1

[Event "Mittelfranken-chTB2a 1516"]
[Site "Mittelfranken"]
[Date "2016.02.28"]
[Round "7.1"]
[White "Shen, Julian"]
[Black "Wahl, Markus"]
[Result "1-0"]
[WhiteElo "1803"]
[BlackElo "1820"]
[PlyCount "35"]
[EventDate "2015.10.18"]
[EventType "team-tourn"]
[EventRounds "9"]
[EventCountry "GER"]
[SourceTitle "EXT 2020"]
[Source "ChessBase"]
[SourceDate "2019.10.17"]
[SourceVersion "1"]
[SourceVersionDate "2019.10.17"]
[SourceQuality "1"]
[WhiteTeam "Rothenburg II"]
[BlackTeam "Herzogenaurach III"]
[WhiteTeamCountry "GER"]
[BlackTeamCountry "GER"]

1. e4 c5 2. Nf3 Nc6 3. d4 cxd4 4. Nxd4 e5 5. Nb5 d6 6. N1c3 a6 7. Na3 Nf6 8. Bg5 Be7 9. Nc4 b5 10. Bxf6 gxf6 11. Ne3 Be6 12. Ncd5 Rc8 13. c3 Qa5 14. Nxe7 Kxe7 15. Nd5+ Bxd5 16. exd5 Nd4 17. Bd3 f5 18. 0-0 1-0

[Event "Mittelfranken-chTB2a 1516"]
[Site "Mittelfranken"]
[Date "2015.11.08"]
[Round "2.1"]
[White "Meulner, Fabian"]
[Black "Shen, Julian"]
[Result "1/2-1/2"]
[WhiteElo "1832"]
[BlackElo "1803"]
[PlyCount "60"]
[EventDate "2015.10.18"]
[EventType "team-tourn"]
[EventRounds "9"]
[EventCountry "GER"]
[SourceTitle "EXT 2020"]
[Source "ChessBase"]
[SourceDate "2019.10.17"]
[SourceVersion "1"]
[SourceVersionDate "2019.10.17"]
[SourceQuality "1"]
[WhiteTeam "Nuernberg Sued SW IV"]
[BlackTeam "Rothenburg II"]
[WhiteTeamCountry "GER"]
[BlackTeamCountry "GER"]

1. d4 Nf6 2. c4 g6 3. Nc3 Bg7 4. e4 d6 5. f3 0-0 6. Be3 Nbd7 7. Nge2 c5 8. d5 a6 9. a4 Qb6 10. a5 Qc7 11. Qd2 b6 12. axb6 Nxb6 13. Ng3 e5 14. Bd3 Bd7 15. 0-0 Qb7 16. Bh6 Ne8 17. Rf2 f6 18. h4 Nc8 19. Bxg7 Nxg7 20. f4 Ne7 21. Raf1 Rab8 22. h5 Bg4 23. h6 Nh5 24. Nxh5 Bxh5 25. fxe5 fxe5 26. Rxf8+ Rxf8 27. Rxf8+ Kxf8 28. Qf2+ Ke8 29. Bc2 Ng8 30. g4 Bxg4 1/2-1/2

[Event "Mittelfranken-chTB2a 1415"]
[Site "Mittelfranken"]
[Date "2015.02.08"]
[Round "6.7"]
[White "Chowdhury, Sandip"]
[Black "Shen, Julian"]
[Result "0-1"]
[WhiteElo "1481"]
[BlackElo "1803"]
[PlyCount "54"]
[EventDate "2014.09.28"]
[EventType "team-tourn"]
[EventRounds "9"]
[EventCountry "GER"]
[SourceTitle "EXT 2020"]
[Source "ChessBase"]
[SourceDate "2019.10.17"]
[SourceVersion "1"]
[SourceVersionDate "2019.10.17"]
[SourceQuality "1"]
[WhiteTeam "Nuernberg NT V"]
[BlackTeam "Rothenburg"]
[WhiteTeamCountry "GER"]
[BlackTeamCountry "GER"]

1. e4 e6 2. d3 d5 3. Nd2 Nf6 4. Ngf3 c5 5. g3 Nc6 6. Bg2 Be7 7. 0-0 0-0 8. Re1 d4 9. e5 Nd7 10. a4 Qc7 11. Nc4 Nb6 12. Nxb6 axb6 13. Re4 b5 14. a5 Re8 15. Qe2 Rxa5 16. Rxa5 Qxa5 17. Rg4 Qa1 18. Qe1 Bf8 19. Nd2 Nb4 20. Ne4 Kh8 21. Ng5 Re7 22. Rh4 h6 23. Be4 Nxc2 24. Qd1 Nb4 25. Rxh6+ gxh6 26. Qh5 Qxc1+ 27. Kg2 Qxg5 0-1

[Event "Nuremberg Zabo op 16th"]
[Site "Nuremberg"]
[Date "2014.09.21"]
[Round "5"]
[White "Hofmann, Lorenz"]
[Black "Shen, Julian"]
[Result "0-1"]
[WhiteElo "1472"]
[BlackElo "1733"]
[PlyCount "40"]
[EventDate "2014.09.19"]
[EventType "swiss"]
[EventRounds "5"]
[EventCountry "GER"]
[SourceTitle "EXT 2018"]
[Source "ChessBase"]
[SourceDate "2017.10.13"]
[SourceVersion "1"]
[SourceVersionDate "2017.10.13"]
[SourceQuality "1"]

1. e4 e6 2. d4 d5 3. exd5 exd5 4. Bd3 Nc6 5. c3 Bd6 6. Nf3 Bg4 7. Be3 Qd7 8. Nbd2 Nge7 9. Qc2 0-0-0 10. b4 Rde8 11. 0-0 h6 12. a4 f5 13. Nb3 Bxf3 14. gxf3 f4 15. Bd2 Qh3 16. Rfe1 Qxf3 17. b5 Qg4+ 18. Kh1 f3 19. Rg1 Qh3 20. Rg3 Bxg3 0-1

[Event "Mittelfranken-chTB2a 1314"]
[Site "Mittelfranken"]
[Date "2013.10.20"]
[Round "1.5"]
[White "Shen, Julian"]
[Black "Hetterich, Norbert"]
[Result "0-1"]
[WhiteElo "1803"]
[BlackElo "1822"]
[PlyCount "80"]
[EventDate "2013.10.20"]
[EventType "team-tourn"]
[EventRounds "9"]
[EventCountry "GER"]
[SourceTitle "EXT 2020"]
[Source "ChessBase"]
[SourceDate "2019.10.17"]
[SourceVersion "1"]
[SourceVersionDate "2019.10.17"]
[SourceQuality "1"]
[WhiteTeam "Rothenburg"]
[BlackTeam "Anderssen/78 Nuernberg"]
[WhiteTeamCountry "GER"]
[BlackTeamCountry "GER"]

1. e4 c5 2. Nf3 e6 3. d3 Nc6 4. g3 d5 5. Nbd2 Nf6 6. Bg2 Be7 7. 0-0 0-0 8. Re1 Qc7 9. c3 b6 10. Nf1 Rd8 11. e5 Nd7 12. Bf4 h6 13. h4 Bb7 14. Qd2 Nf8 15. h5 d4 16. c4 Qd7 17. N1h2 f6 18. Ng4 f5 19. Ngh2 Qe8 20. Qe2 Qxh5 21. Rad1 g5 22. Bc1 g4 23. Nd2 Qf7 24. Nb3 Qh7 25. Bf4 h5 26. Qd2 Qg6 27. Nf1 Nh7 28. Nc1 Ng5 29. Nh2 Kg7 30. Ne2 Nf7 31. a3 Rh8 32. Qc2 Ng5 33. Qa4 Rac8 34. Bxc6 Bxc6 35. Qxa7 Kf7 36. Qxb6 Nf3+ 37. Nxf3 gxf3 38. Nc1 h4 39. Nb3 hxg3 40. fxg3 Qh5 0-1

[Event "Nuremberg Zabo op 15th"]
[Site "Nuremberg"]
[Date "2013.09.21"]
[Round "3"]
[White "Luther, Helmut"]
[Black "Shen, Julian"]
[Result "1-0"]
[WhiteElo "1907"]
[BlackElo "1609"]
[PlyCount "51"]
[EventDate "2013.09.20"]
[EventType "swiss"]
[EventRounds "5"]
[EventCountry "GER"]
[SourceTitle "EXT 2016"]
[Source "ChessBase"]
[SourceDate "2015.10.08"]
[SourceVersion "1"]
[SourceVersionDate "2015.10.08"]
[SourceQuality "1"]

1. d4 d5 2. Nf3 Nf6 3. Bg5 e6 4. e3 c6 5. Bd3 Be7 6. Nbd2 0-0 7. Ne5 Nbd7 8. f4 c5 9. c3 c4 10. Bc2 Qc7 11. Qf3 Re8 12. 0-0 Bf8 13. Qh3 g6 14. Ndf3 Bg7 15. Bh6 b6 16. Ng5 Bb7 17. Ngxf7 Nxe5 18. Nxe5 Qd6 19. Bxg7 Kxg7 20. Rf3 b5 21. Bxg6 hxg6 22. Rg3 Qd8 23. Rxg6+ Kf8 24. Qh8+ Ke7 25. Qxf6+ Kd6 26. Nf7+ 1-0

[Event "Mittelfranken-chTB2a 1213"]
[Site "Germany"]
[Date "2012.12.16"]
[Round "5.8"]
[White "Shen, Julian"]
[Black "Keller, Gerhard"]
[Result "1-0"]
[WhiteElo "1365"]
[BlackElo "1967"]
[PlyCount "51"]
[EventDate "2012.10.07"]
[EventType "team-tourn"]
[EventRounds "9"]
[EventCountry "GER"]
[SourceTitle "EXT 2019"]
[Source "ChessBase"]
[SourceDate "2018.10.10"]
[SourceVersion "1"]
[SourceVersionDate "2018.10.10"]
[SourceQuality "1"]
[WhiteTeam "Rothenburg"]
[BlackTeam "Nuernberg Zabo"]
[WhiteTeamCountry "GER"]
[BlackTeamCountry "GER"]

1. e4 e5 2. Nf3 Nf6 3. Nc3 Bb4 4. Bc4 Nc6 5. d3 d6 6. h3 h6 7. Bd2 a6 8. a3 Bc5 9. Be3 Ba7 10. Bxa7 Nxa7 11. 0-0 0-0 12. Re1 Bd7 13. d4 Nc6 14. dxe5 dxe5 15. Qd2 Rc8 16. Rad1 Re8 17. Qe3 Nh5 18. Nd5 Be6 19. Nb6 Qf6 20. Nxc8 Bxc4 21. Na7 Nxa7 22. Qxa7 Be6 23. Qe3 Nf4 24. Nh2 h5 25. Qf3 Nxh3+ 26. gxh3 1-0

[Event "GER-ch U10"]
[Site "Oberhof"]
[Date "2012.05.30"]
[Round "7"]
[White "Shen, Julian"]
[Black "Brehm, Mirja"]
[Result "1-0"]
[WhiteElo "1383"]
[BlackElo "1097"]
[PlyCount "69"]
[EventDate "2012.05.27"]
[EventType "swiss"]
[EventRounds "11"]
[EventCountry "GER"]
[SourceTitle "CBM 148 Extra"]
[Source "ChessBase"]
[SourceDate "2012.06.22"]
[SourceVersion "1"]
[SourceVersionDate "2012.06.22"]
[SourceQuality "1"]

1. e4 e5 2. Nf3 Nc6 3. Bc4 Bc5 4. d3 h6 5. Nc3 Nf6 6. h3 d6 7. 0-0 Be6 8. Bb3 Qd7 9. Be3 Bb6 10. Nd5 Bxd5 11. exd5 Ne7 12. c4 0-0-0 13. a4 Bxe3 14. fxe3 Rdg8 15. Bc2 g5 16. Nxe5 dxe5 17. Rxf6 Qe8 18. Qh5 Rg6 19. Raf1 Rxf6 20. Rxf6 Rf8 21. Qg4+ Kb8 22. Rxh6 f6 23. Qe6 Ng8 24. Qxe8+ Rxe8 25. Rh8 Rc8 26. Kf2 Ne7 27. Rxc8+ Kxc8 28. Kf3 Kd7 29. Ke4 Kd6 30. b4 b6 31. g4 Kd7 32. d4 exd4 33. Kxd4 c6 34. Bf5+ Kd6 35. c5+ 1-0

[Event "GER-ch U10"]
[Site "Oberhof"]
[Date "2012.05.27"]
[Round "1"]
[White "Shen, Julian"]
[Black "Buermann, Theresia"]
[Result "1-0"]
[WhiteElo "1383"]
[BlackElo "981"]
[PlyCount "107"]
[EventDate "2012.05.27"]
[EventType "swiss"]
[EventRounds "11"]
[EventCountry "GER"]
[SourceTitle "CBM 148 Extra"]
[Source "ChessBase"]
[SourceDate "2012.06.22"]
[SourceVersion "1"]
[SourceVersionDate "2012.06.22"]
[SourceQuality "1"]

1. e4 e5 2. Nf3 Nf6 3. Nc3 Nc6 4. Bb5 Nd4 5. d3 Nxf3+ 6. Qxf3 a6 7. Bc4 Bc5 8. Bg5 Be7 9. Be3 0-0 10. 0-0 h6 11. Qg3 Nh5 12. Qxe5 Bg5 13. f4 d6 14. Qa5 b6 15. Qa3 Bf6 16. Nd5 Bd7 17. Nxf6+ Nxf6 18. Qc3 b5 19. Bb3 c5 20. h3 b4 21. Qe1 Bc6 22. a3 bxa3 23. Rxa3 d5 24. Bxc5 Re8 25. e5 Nd7 26. Qa5 Qxa5 27. Rxa5 Bb5 28. Bd6 Rac8 29. Rf2 d4 30. Ba4 Bxa4 31. Rxa4 Ra8 32. Rxd4 f6 33. Re2 a5 34. Kf2 fxe5 35. Bxe5 Nxe5 36. Rxe5 Rec8 37. Rc4 Rxc4 38. dxc4 Rd8 39. Ke3 Rb8 40. b3 Ra8 41. c5 a4 42. bxa4 Rxa4 43. Re4 Ra8 44. c6 Rc8 45. Rc4 Kf7 46. Kd4 Ke6 47. Kc5 Rb8 48. c7 Rc8 49. Kc6 g6 50. Rb4 Ra8 51. Rb8 Ra3 52. c8Q+ Kf6 53. Qf8+ Ke6 54. Re8# 1-0

[Event "Mittelfranken-chTB2a 1112"]
[Site "Germany"]
[Date "2012.03.11"]
[Round "8.8"]
[White "Shen, Julian"]
[Black "Block, Bernhard"]
[Result "0-1"]
[WhiteElo "1380"]
[BlackElo "1497"]
[PlyCount "60"]
[EventDate "2011.09.25"]
[EventType "team-tourn"]
[EventRounds "9"]
[EventCountry "GER"]
[SourceTitle "EXT 2018"]
[Source "ChessBase"]
[SourceDate "2017.10.13"]
[SourceVersion "1"]
[SourceVersionDate "2017.10.13"]
[SourceQuality "1"]
[WhiteTeam "Rothenburg"]
[BlackTeam "Ansbach"]
[WhiteTeamCountry "GER"]
[BlackTeamCountry "GER"]

1. e4 e6 2. d4 d5 3. exd5 exd5 4. Bd3 Bd6 5. Nf3 Nf6 6. Bg5 h6 7. Bh4 Qe7+ 8. Qe2 Qxe2+ 9. Bxe2 Ne4 10. Nbd2 Bf5 11. Nxe4 Bxe4 12. c3 0-0 13. 0-0 Re8 14. Bg3 Bxg3 15. fxg3 Nd7 16. Nd2 Bxg2 17. Kxg2 Rxe2+ 18. Rf2 Rae8 19. Kf1 R2e6 20. Nb3 b6 21. Rd1 Nf6 22. h3 Re3 23. Kg2 Ne4 24. Rc2 Rxg3+ 25. Kh2 Re3 26. Rg2 Ng5 27. h4 Rh3+ 28. Kg1 Rxh4 29. Nd2 Nh3+ 30. Kf1 Rf4+ 0-1

[Event "Mittelfranken-chTB2a 1112"]
[Site "Germany"]
[Date "2011.11.20"]
[Round "3.8"]
[White "Koch, Walter1111"]
[Black "Shen, Julian"]
[Result "1/2-1/2"]
[WhiteElo "1842"]
[BlackElo "1321"]
[PlyCount "96"]
[EventDate "2011.09.25"]
[EventType "team-tourn"]
[EventRounds "9"]
[EventCountry "GER"]
[SourceTitle "EXT 2013"]
[Source "ChessBase"]
[SourceDate "2012.11.22"]
[SourceVersion "1"]
[SourceVersionDate "2012.11.22"]
[SourceQuality "1"]
[WhiteTeam "Cadolzburg"]
[BlackTeam "Rothenburg"]
[WhiteTeamCountry "GER"]
[BlackTeamCountry "GER"]

1. g3 d5 2. Bg2 Nf6 3. d3 Bf5 4. c4 e6 5. cxd5 exd5 6. Bg5 Be7 7. Qb3 Qd6 8. Nc3 Qb4 9. Qxb4 Bxb4 10. Bxf6 gxf6 11. Bxd5 c6 12. Bg2 Nd7 13. a3 Ba5 14. b4 Bc7 15. f4 a5 16. b5 Nb8 17. Bh3 Bxh3 18. Nxh3 f5 19. Ng5 a4 20. Nf3 Ba5 21. Rc1 cxb5 22. Kf2 Bb6+ 23. e3 Ra5 24. Nd5 Bd8 25. Nd4 Kd7 26. Rb1 h5 27. Nc3 Be7 28. Rxb5 Rxb5 29. Ndxb5 Nc6 30. Nxa4 h4 31. Rc1 hxg3+ 32. Kxg3 Bh4+ 33. Kf3 Be7 34. Nb6+ Ke8 35. Rc2 Rh3+ 36. Kg2 Rxe3 37. a4 Rxd3 38. Re2 Kf8 39. Nc4 Nd4 40. Ne5 Nxe2 41. Nxd3 Bf6 42. Nd6 b6 43. Nc4 Bd4 44. Nd6 Nc3 45. Nxf5 Bf6 46. Nb2 Nd5 47. Nc4 Nxf4+ 48. Kf3 Nd5 1/2-1/2

[Event "GER-ch U10"]
[Site "Oberhof"]
[Date "2011.06.14"]
[Round "5"]
[White "Fieberg, Samuel"]
[Black "Shen, Julian"]
[Result "0-1"]
[WhiteElo "1762"]
[BlackElo "1273"]
[PlyCount "72"]
[EventDate "2011.06.11"]
[EventType "swiss"]
[EventRounds "11"]
[EventCountry "GER"]
[SourceTitle "CBM 142 Extra"]
[Source "ChessBase"]
[SourceDate "2011.06.27"]
[SourceVersion "1"]
[SourceVersionDate "2011.06.27"]
[SourceQuality "1"]

1. e4 d5 2. exd5 Qxd5 3. Nc3 Qd6 4. d4 c6 5. Nf3 Nf6 6. Bc4 Bg4 7. Be3 e6 8. h3 Bh5 9. g4 Bg6 10. Ne5 Qc7 11. Nxg6 hxg6 12. Qd2 Bd6 13. Bd3 Nbd7 14. Ne4 Nxe4 15. Bxe4 Nf6 16. Bg2 Nd5 17. Bxd5 exd5 18. c3 0-0-0 19. 0-0-0 Rde8 20. h4 f5 21. gxf5 gxf5 22. h5 f4 23. Rdg1 fxe3 24. fxe3 Rxe3 25. Rxg7 Rxc3+ 26. bxc3 Qxg7 27. h6 Qf6 28. Kb2 Qf4 29. Qg2 Rxh6 30. Qg8+ Qf8 31. Qg4+ Kc7 32. Rg1 Rh2+ 33. Ka1 Rf2 34. Qh3 Rxa2+ 35. Kb1 Qf2 36. Qh7+ Kb6 0-1